Quick True/False: World Capitals VI Quiz Stats

 Plays Quiz Updated Nov 28, 2017

Score 0/12 Timer 00:30
7 Plays Today
Question Answer Wrong Answers
Reykjavik is the capital of Iceland. True
81%
False
2.1%
Kathmandu is the capital of Nepal. True
76.7%
False
6.4%
Antwerp is the capital of Belgium. False
73%
True
9.9%
Maracaibo is the capital of Venezuela. False
72.7%
True
9.6%
Mecca is the capital of Saudi Arabia. False
72.6%
True
10%
Port of Spain is the capital of Trinidad and Tobago. True
71.3%
False
11.4%
Accra is the capital of Ghana. True
69.3%
False
13.4%
Portsmith is the capital of Dominica. False
65.4%
True
16.9%
Apia is the capital of Samoa. True
63.4%
False
19%
Bangui is the capital of the Central African Republic. True
58.5%
False
23.2%
Monte Carlo is the capital of Monaco. False
54.7%
True
28.3%
Dubai is the capital of the United Arab Emirates. False
50.5%
True
32.8%

You're not logged in!

Compare scores with friends on all Sporcle quizzes.
OR
Log In

You Might Also Like...

Show Comments

Extras

Top Quizzes Today


Score Distribution

Your Account Isn't Verified!

In order to create a playlist on Sporcle, you need to verify the email address you used during registration. Go to your Sporcle Settings to finish the process.

Report this User

Report this user for behavior that violates our Community Guidelines.

Details: